000 00465nam a22001457a 4500
008 160830b xxu||||| |||| 00| 0 eng d
050 _aHM131.O55
100 _aOlson, Mancur
_925525
245 _aThe Logic of collective action
_b:public goods and the theory of groups
_c/Mancur Olson
260 _aNew York
_bSchocken Books
_c1968
300 _ax,176p.;
_c20cm.
650 _aSocial groups
_925526
650 _aSocial interaction
_916723
942 _2lcc
_cMONOGRAPH
999 _c125152
_d125152